Pays frontaliers commençant par la même lettre - Statistiques

Statistiques générales
  • Ce quiz a été pris 174 fois
  • Le résultat moyen est 29 sur 40
Statistiques - réponses
Réponse % Correct
Chine
92%
Corée du Nord
91%
Corée du Sud
91%
République Démocratique du Congo
87%
Irak
85%
Iran
85%
Maroc (Sahara Occidental)
85%
Mauritanie
85%
République du Congo
85%
Mali
84%
Brésil
83%
Allemagne
81%
Bolivie
81%
Autriche
79%
Soudan
79%
Guinée
78%
Guinée-Bissau
77%
Soudan du Sud
77%
Lettonie
76%
Lituanie
76%
Arménie
74%
Niger
74%
Nigeria
74%
République Centrafricaine
74%
Rwanda
73%
Azerbaïdjan
72%
Erythrée
69%
Ethiopie
69%
Kazakhstan
68%
Kirghizistan
67%
Zambie
64%
Zimbabwe
64%
Gabon
63%
Guinée-équatoriale
63%
Bénin
58%
Burkina Faso
58%
Bangladesh
54%
Birmanie
54%
Mozambique
50%
Malawi
48%
Aucun quiz correspondant
Distribution des résultats
% des personnes avec chaque résultat
Percentile par nombre de réponses
Votre historique - résultats
Vous n’avez pas pris ce quiz